| 000 | 00327nam a22001337a 4500 | ||
|---|---|---|---|
| 020 | _a0000000492904 | ||
| 040 | _cNUST | ||
| 082 |
_a641.57 _bTHA |
||
| 100 |
_aNudrat Jahan _980881 |
||
| 245 | _aThande Aur Rahat Baksh Mashrobat | ||
| 260 |
_aLAHORE _bNudrat Book House . _c2013 |
||
| 650 | _2Cold Mashrobat. | ||
| 942 |
_2ddc _cBK |
||
| 999 |
_c585915 _d585915 |
||